[Event "Linares 12th"]
[Site "Linares"]
[Date "1994.??.??"]
[Round "11"]
[White "Polgar, Judit"]
[Black "Beliavsky, Alexander G"]
[Result "1-0"]
[WhiteElo "2630"]
[BlackElo "2650"]
[Annotator "Hansen,Cu"]
[PlyCount "87"]
[EventDate "1994.02.??"]
[EventType "tourn"]
[EventRounds "13"]
[EventCountry "ESP"]
[EventCategory "18"]
[SourceTitle "CBM 040"]
[Source "ChessBase"]
[SourceDate "1994.06.01"]
[SourceVersion "1"]
[SourceVersionDate "1994.06.01"]
[SourceQuality "1"]

1. e4 {Polgar,Zsu} e6 2. d4 d5 3. Nc3 Bb4 4. e5 c5 5. a3 Bxc3+ 6. bxc3 Ne7 7.
Qg4 Qc7 8. Bd3 c4 9. Be2 (9. Bf1 O-O (9... Nf5 10. Qd1 Bd7 11. g4 Ne7 12. Bh3
Nbc6 13. Ne2 O-O-O $13 {Szalanczy,E-Almasi,I/Kecskemet/1993/}) 10. f4 f5 11.
Qe2 Qa5 12. Bd2 Bd7 $13 {Perenyi,B-Damjanovic,M/Zurich op/1981/}) 9... O-O (
9... Qa5 10. Bd2 Nf5 11. Nf3 Nc6 12. Qh5 Bd7 13. g4 Nh6 $13 {Watson,W-Arkell,S/
London WFW/1989/}) (9... Nf5 10. Nf3 (10. Qh3 Nc6 (10... Bd7 11. g4 Ne7 12. Bd1
Nbc6 13. Ne2 O-O-O 14. Ng3 f6 15. f4 Qb6 16. Rf1 Rdf8 17. Ne2 Rf7 $13 {
Apicella,M-Lamoureux,C/Clichy/1993/}) (10... Qa5 11. Bd2 Bd7 12. Nf3 Nc6 13.
Ng5 h6 14. g4 Nfe7 15. f4 Rf8 16. Nf3 $14 {Stripunsky,A-Maiwald,JU/Katowice
open/1993/}) 11. Nf3 Bd7 12. O-O O-O-O 13. a4 $13 {Kosanovic,G-Paulic,B/
Beograd open/1989/}) (10. Bd1 Nc6 11. Ne2 O-O 12. Bg5 Kh8 13. Ng3 Qa5 14. Bd2
f6 15. f4 Ne3 $15 {Talavera,JC-Matamoros,C/Expo/1992/}) (10. h4 Bd7 11. Qf3 h5
12. Bg5 Qa5 13. Kd1 Ba4 14. Kc1 Nd7 15. Nh3 f6 16. exf6 gxf6 17. Bd2 O-O-O $15
{Skrebnevskis,R/Antonsen,M/J-EM/1993/}) (10. Nh3 Nc6 11. Qh5 h6 12. Nf4 Bd7 13.
Bg4 Nce7 14. Bxf5 Nxf5 15. g4 Ne7 16. a4 $13 {Pedzich,D-Matlak,M/POL-ch/1993/})
10... Nc6 (10... Bd7 11. Nh4 Rg8 12. Nxf5 exf5 13. Qh3 h6 14. Qg3 Qc6 $13 {
Bellin,R-Short,N/BCF-ch/1987/}) (10... Qa5 11. Bd2 Bd7 (11... Nc6 12. O-O Bd7
13. Ng5 $2 Ncxd4 $17 {Nielsen,UV-Brinck Claussen,B/Unibank/1991/}) 12. O-O Ba4
13. Ra2 Nc6 14. Qh3 h6 15. g4 Nfe7 16. Be1 O-O-O 17. Nh4 g5 18. Ng2 $15 {
Szalanczy,E-Apicella,M/Budapest/1991/}) 11. Qh5 h6 12. O-O (12. Nh4 g6 13. Qg4
Qd8 14. Nf3 Bd7 15. Qf4 Qa5 16. Bd2 O-O-O 17. h4 $13 {Polgar,J-Anand,V/Monaco/
1992/}) 12... Bd7 13. g4 {0,5/Sax,G-Short,N/Skelleftea/Wcup/1989/}) 10. h4 {
/\h4-h5-h6 ><f6,><g7} (10. Nf3 Nbc6 (10... Qa5 11. Bd2 f6 12. O-O Nbc6 13. exf6
Rxf6 14. Ne5 Nxe5 15. dxe5 Rf8 16. Qh3 Bd7 $10 {Rogers,I-Kindermann,S/Biel/
1990/}) 11. O-O (11. Ng5 Qa5 12. Bd2 f6 13. exf6 Rxf6 14. Qh5 h6 15. Nf3 Bd7
$10 {Odeev,H-Totsky,L/Odessa/1991/}) (11. h4 f6 12. exf6 Rxf6 13. Qg3 Qxg3 14.
fxg3 Bd7 15. Bg5 Rf7 16. Kd2 $14 {Polgar,Zso-Arribas,M/Novi Sad ol-W/1990/}) (
11. Bg5 Qa5 12. Kd2 f5 13. Qh3 Bd7 14. a4 $13 {Polgar,J-Gdanski,J/Budapest
play-off/1993/}) 11... f6 (11... Qa5 12. Ra2 f6 13. exf6 Rxf6 14. Qh5 Bd7 15.
Bg5 Rf7 $10 {Pedzich,D-Gdanski,J/Slupsk op/1992/}) 12. Bf4 Ng6 13. Bg3 Qa5 14.
exf6 Rxf6 15. Be5 Rf5 (15... Ncxe5 16. dxe5 Rf4 17. Qh5 $14 {Schabanel,S-Praud,
JL/Paris-ch/1991/}) 16. Nh4 $4 Ncxe5 17. dxe5 Rf4 $19 {Brustman,A-Kaminski,M/
Capelle la Grande/1993/}) 10... f6 11. f4 {ץc1} (11. Nf3 Nbc6 $132) 11... Nbc6
12. Nf3 b5 13. h5 a5 14. Bd2 (14. h6 g6 15. exf6 Rxf6 $10 (15... e5 $2 16. Qg5
$16)) 14... Rb8 (14... f5 $5 {Polgar,Zsu} 15. Qh4 Bd7 {plan b5-b4}) 15. O-O b4
(15... f5 $1 {Polgar,Zsu}) 16. axb4 axb4 17. cxb4 c3 $2 (17... Nxb4 {Polgar,Zsu
} 18. exf6 Rxf6 19. c3 Nd3 20. Bxd3 cxd3 21. Ne5 $16) 18. Bxc3 Nxe5 19. fxe5
Qxc3 20. Bd3 h6 (20... Rxb4 21. Ra7 $16 (21. h6 g6 22. exf6 Rxf6 23. Qg5 Rf7
$13)) (20... Qxb4 21. h6 g6 22. exf6 Rxf6 23. Ne5 $16) (20... f5 {Polgar,Zsu}
21. Qh4 Nc6 22. b5 Nb4 23. Ra7 Rb7 24. Rxb7 Bxb7 25. h6 $16) 21. b5 $16 f5 22.
Qh4 {פe7} Qc7 23. Rfb1 {/\b5-b6,Ra1-a7} Rf7 24. Qe1 {/\Qe1-b4-c5} Bd7 25. Ra6
Nc8 26. b6 Qb7 (26... Rxb6 27. Rbxb6 Nxb6 28. Qa5 $18) (26... Nxb6 27. Qb4 $18
(27. Qa5 $18)) 27. Qa5 Bc6 28. Qc5 {/\Nd2-b3-a5} Qd7 29. Ra3 (29. Nd2 $1) 29...
Qe8 30. Rc3 Bb7 31. Qb5 Qd8 (31... Qxb5 32. Rxb5 Ba6 33. Rbc5 $16) 32. Qa5 Ra8
33. Qc5 Re7 34. Qb4 Qe8 35. Nh4 Ra4 (35... Qxh5 36. Rxc8+ Rxc8 37. Qxe7 $18)
36. Qb5 Qxh5 37. Nxf5 (37. Qxa4 Qxh4 $16) 37... exf5 38. Qxa4 Qh4 39. Bxf5 $18
Rxe5 40. Bxc8 Bxc8 41. Rxc8+ Kh7 42. Rf8 Rh5 43. Rh8+ Kxh8 44. Qe8+ (44. Qe8+
Kh7 45. Qxh5 Qxh5 46. b7 Qh4 47. b8=Q Qxd4+ 48. Kh1 Qh4+ 49. Qh2) 1-0

[Event "Vikings GM 1st"]
[Site "York"]
[Date "1999.12.21"]
[Round "9"]
[White "Sutovsky, Emil"]
[Black "Hillarp Persson, Tiger"]
[Result "0-1"]
[WhiteElo "2587"]
[BlackElo "2507"]
[Annotator "Hansen,Cu"]
[PlyCount "74"]
[EventDate "1999.12.13"]
[EventType "tourn"]
[EventRounds "10"]
[EventCountry "ENG"]
[EventCategory "12"]
[SourceTitle "CBM 075"]
[Source "ChessBase"]
[SourceDate "2000.04.05"]
[SourceVersion "1"]
[SourceVersionDate "2000.04.05"]
[SourceQuality "1"]

1. e4 {Psakhis} e6 2. d4 d5 3. Nc3 Bb4 4. e5 c5 5. a3 Bxc3+ 6. bxc3 Ne7 7. Qg4
Qc7 8. Bd3 cxd4 9. Ne2 dxc3 (9... Nbc6 $5 {Psakhis}) 10. Qxg7 Rg8 11. Qxh7 Qxe5
12. h4 {'N' Psakhis. As far as I know opening theorys judgement of this type
of position is that white has good compensation. Because of the passed P in
the h-<-> and in the short term the somewhat more safe K-position. However
better than the textmove is probably the more often played: Psakhis: 'New and
interesting move, white's chances are slightly better according to theory
after'} (12. Bf4 Qf6 13. h4 $44 {in that case the possibility Bf4-g5 makes it
difficult for black to avoid Q-exchange and in the endgame the h4-P could
easily become quite powerful Psakhis: 'for example'} (13. Bxb8 Rxb8 14. Bb5+
Bd7 15. Bxd7+ Kxd7 16. Qh3 Nf5 17. Rd1 Rbc8 18. Qf3 Rc4 $17 {Ashley,M-Morris,M/
New York op 1991/0-1 (45)}) 13... Nd7 {'!' Psakhis. Psakhis: 'The Black knight
should control f6.'} (13... Nbc6 $6 14. Bg5 Qe5 15. Qh6 $16 (15. Qh6 Bd7 16.
Qf6 $16 {Geller-Sokolsky, URS-ch 1950.})) 14. Bg5 Qh8 (14... Qh8 {Psakhis} 15.
Qxh8 Rxh8 16. Nxc3 a6 17. O-O-O $1 (17. a4 f6 18. Bc1 $6 Nc5 19. Ba3 Nxd3+ 20.
cxd3 Nf5 21. h5 Bd7 22. Bb2 Kf7 23. Ne2 Rag8 24. Nf4 Rg4 $1 $17 {0-1 Milu,
R-Shachar,E/Kfar Sava-A 1993 (57)}) 17... b5 18. h5 f6 19. Be3 Bb7 20. f4 Kf7
21. Rh4 Rag8 $13 {1-0 Acs,P-Berkes,F/Zalakaros Kupa 1999 (56)})) 12... Qd6 13.
Bg5 {[%cal Rg5e7]} Nbc6 14. O-O {[%cal Ye2c3,Yc3b5]} a6 ({Surely not} 14... d4
$6 {Psakhis} 15. Ng3 {[%cal Gg3e4]}) 15. Rab1 (15. Nxc3 e5 $5 $13 (15... Qe5 $1
{[%cal Re5c3,Rg8h8] Psakhis})) 15... b5 16. a4 (16. Ng3 $5 {Psakhis}) 16... b4
17. Ng3 {White has made sure than blacks K will not fell safe on the Q-side.
However the advance of the b-P to b4 has also improved blacks P-position on
the Q-side} Bb7 18. Rfe1 ({Dangerous just for White} 18. Nh5 {Psakhis} O-O-O
19. Qxf7 Rdf8 20. Qh7 Rh8 21. Qg7 Rfg8 22. Qf7 (22. Bxe7 Nxe7 23. Qf7 d4 $17)
22... Rxg5 23. hxg5 Ne5 24. Qf4 Rxh5 $17) 18... Kd7 {'!?' Psakhis. Because the
black Ps shelter the K so well this is a good squares for the K} (18... Ne5 {
Psakhis} 19. Bxe7 Kxe7 20. Nf5+ exf5 21. Qxf5 f6 22. f4 $40 {[%csl Ge1,Re7,Gf5]
}) 19. Nh5 {'?' Psakhis.} ({Difficult to explain why Emil didn't continue} 19.
Qxf7 $5 {Psakhis} Raf8 20. Qh5 e5 21. Qe2 $1 $36 {with initiative}) 19... Rxg5
$5 {'!' Psakhis.} 20. hxg5 Nd8 {Blacks sacrifices the exchange with the idea
of following with this passive move. What is the idea? First of all it is not
so easy for white to use his Rs in a efficient way. Secondly by taking on g5
black got rid of whites passed P Psakhis: 'It looks that Black has at least
enough compensation for exchange'} (20... Ne5 $5 {Psakhis}) 21. Nf6+ Kc8 22. g6
$2 {Blacks pieces are not yet placed in a harmonious way. With:} (22. a5 $1 {
white could both stop black for getting the safe and secured P-chain a5-b4-c3
and make it much more difficult for black - than in the game - to develop Ra8})
(22. Qh8 {Psakhis} a5 23. Bb5 Kb8 $13) 22... Nxg6 23. Bxg6 fxg6 24. Ne8 (24. a5
$5 {Psakhis}) 24... Qd7 25. Qxg6 a5 $1 $17 {'!' Psakhis. Suddenly Ne8 and Qg6
look a little lonely as they alone try to attack the black army.} 26. Re5 (26.
Ng7 {Psakhis} Ra6 27. Qf6 d4 28. Rbd1 Rd6 {[%csl Ga5,Gb4,Gc3,Gd4]}) 26... Ra6
27. Rbe1 $2 {a obvious but bad move} Qf7 $1 {because of the very strong Ps on
the Q-side the endgame is not just better but winning for black} 28. Qxf7 Nxf7
29. Rh5 (29. Rxe6 Rxe6 30. Rxe6 b3 $1 31. cxb3 c2 32. Re1 d4 $19) 29... d4 30.
Rh7 d3 {'-+!' Psakhis.} 31. Rxf7 (31. cxd3 {Psakhis} Bc6 (31... c2 $5 32. Rxf7
Rc6 {[%csl Gb4,Gc2]}) 32. Nf6 c2 33. Ng4 (33. Rxf7 b3 $19) 33... b3 34. Ne3 Ne5
$19) 31... d2 {'!' Psakhis.} 32. Ra1 Be4 {Black is a R down but the P-chain
from a5 to d2 is a joy for the eye} 33. g4 Bxc2 (33... b3 $1 {Psakhis} 34. cxb3
c2 $19) 34. g5 Rc6 (34... d1=Q+ {Psakhis} 35. Rxd1 Bxd1 36. g6 e5 $19) 35. Rf8
b3 (35... Bb1 $5 {Psakhis} 36. Rxb1 c2) 36. Kg2 b2 37. Rh1 b1=Q 0-1

[Event "Sarajevo Bosnia 30th"]
[Site "Sarajevo"]
[Date "2000.05.21"]
[Round "5"]
[White "Shirov, Alexei"]
[Black "Short, Nigel D"]
[Result "1-0"]
[WhiteElo "2750"]
[BlackElo "2680"]
[Annotator "Hansen,Cu"]
[PlyCount "119"]
[EventDate "2000.05.17"]
[EventType "tourn"]
[EventRounds "11"]
[EventCountry "BIH"]
[EventCategory "19"]
[SourceTitle "CBM 077"]
[Source "ChessBase"]
[SourceDate "2000.07.27"]
[SourceVersion "1"]
[SourceVersionDate "2000.07.27"]
[SourceQuality "1"]

1. e4 {Psakhis} e6 2. d4 d5 3. Nc3 Bb4 4. e5 c5 5. a3 Bxc3+ 6. bxc3 Qc7 7. Qg4
f5 8. exf6 {Psakhis: 'Rare move'} Nxf6 9. Qg3 (9. Qf4 {Psakhis} Qxf4 (9... Qa5
$1) 10. Bxf4 Nc6 11. Nf3 Ne4 12. c4 Nxd4 13. Nxd4 cxd4 14. f3 O-O 15. Be5 Nf6
16. O-O-O Bd7 17. Rxd4 Bc6 18. cxd5 Bxd5 19. Bd3 $14 {Vielbahn,D-Heckoetter,C/
Recklinghausen op 1999/1-0 (52)}) 9... Qe7 {'N?!' Psakhis.} ({It is
interesting what Shirov prepared against the natural} 9... Qa5 $5 {Psakhis} 10.
Be2 $2 (10. Bd2 O-O) 10... O-O 11. Qd3 cxd4 12. Qxd4 Nc6 13. Qd3 Ne4 $17 {
Heidenfeld,M-Clarke,T/IRL-ch 1996/0-1 (35)}) (9... Qf7 {Psakhis} 10. Nh3 O-O
11. Bd3 Nc6 12. O-O c4 13. Be2 Ne4 14. Qe3 e5 15. dxe5 Nxe5 16. f3 Nf6 17. Nf2
Re8 18. Bd1 Bf5 $36 {Johnstone,G-Lindsay,F/St John op 1988/0-1 (36)}) 10. Bf4
Nh5 11. Qg4 Nxf4 12. Qxf4 c4 $6 {This game is an instructive example of how to
play against the bad french whitesquared B. However I think black made three
bad decisions that helped white a lot. The textmove gives white some
initiative though black may still be ok. I think he should have consisered
playing like in the game - but without c5-c4. In that case the option c5xd4
with counterplay in the c-<-> could have become quit useful.  Psakhis:
'Strange move, why not'} (12... Nc6 $5 13. Nf3 (13. Bb5 {Psakhis} Bd7 14. Bxc6
(14. Nf3 e5 $1) 14... Bxc6 15. Nf3 Ba4 $11 {with equal chances?}) 13... Bd7 14.
Be2 (14. g3 Qf6 15. Qe3 O-O 16. Bg2 Rae8 $5 (16... cxd4 17. cxd4 Be8 18. O-O
Bg6 $11 {[%csl Rc2,Re6]} (18... Bh5 $11 {[%csl Rc2,Re6]})) 17. O-O e5 18. dxc5
Bf5 $13) 14... c4 $5 {This is much better than the game because Be2 is not
well placed on e2. The question is whether white would have played 14.g3
without c5-c4 having been played}) 13. Nf3 Nc6 14. g3 $1 {[%cal Yf1g2,Yf1h3]}
Qf6 15. Qe3 O-O ({Deserves attention} 15... Bd7 $5 {[%cal Ge8c8] followed by
long castle. (Psakhis)}) 16. Bg2 Bd7 17. O-O Rae8 {[%cal Ye6e5]} ({
Unfortunately for Black he can't improve the position of the bishop -} 17...
Be8 18. Rae1 Bg6 19. Qxe6+ Qxe6 20. Rxe6 Bxc2 21. Ne5 $16 {leads to a game
with clear white's advantage. (Psakhis)}) 18. Rae1 b6 (18... Qd8 $5 {[%csl Ra3,
Rc3][%cal Yd8a5]}) (18... Re7 {[%cal Gd7e8,Ge8g6] Psakhis} 19. Ne5 Nxe5 20.
dxe5 $14) 19. Qd2 {[%csl Re5] ok - white got control over the important square
e5. But he still has some weak Ps on the Q-side. Black should try to deviate
whites attention from the e-<-> by putting pressure on these Ps:} Re7 $2 (19...
Qe7 $1 $44 {[%csl Ra3] That was blacks second chance to make whites task
considerably more difficult}) (19... Qe7 $5 {Psakhis}) 20. Ne5 Nxe5 21. Rxe5
Ref7 {[%csl Ra3,Rc3,Rd7,Re5,Re6]} (21... Be8 {Psakhis} 22. Rfe1 Bg6 $2 23. Bxd5
$18) 22. f4 $16 {Psakhis: 'The character of the game became clear - White's
advantage is obvious but it is very difficult to force the enemy's defence.'}
Qh6 23. h4 Rf5 24. Re3 Qg6 25. Kh2 R5f6 26. Rfe1 Re8 27. R1e2 Qf7 28. Qe1 Kf8 (
28... Rf8 $5 {Psakhis} 29. Bh3 Qg6 30. Bxe6+ $140 Bxe6 31. Rxe6 Rxe6 32. Rxe6
Qxc2+) 29. Bh3 h5 {'!?' Psakhis. Psakhis: 'Good idea.'} 30. Re5 g6 31. Qb1 Kg7
32. Qb4 Qf8 33. a4 {Psakhis: 'Hoping for 34. a5'} Qxb4 $2 {Together with the
game-continuation this is a dubious decision. Why improve whites P.-structure?}
(33... Bc8 $142 $16) 34. cxb4 a6 35. c3 Kf7 ({Deserves attention} 35... Rf5 $5
{Psakhis} 36. Bxf5 $140 $2 gxf5 37. a5 b5 $11) 36. Ra2 Ke7 37. Bg2 Kd6 38. Bf3
Ref8 39. Bd1 Be8 40. Rf2 Rh8 41. a5 b5 {[%csl Ra6] Now white does not have to
take care of any weak Q-side Ps anymore and can fully concentrate on the
K-side. Of course it is also of importance that blacks Ps are fixed on white}
42. g4 {Psakhis: 'Beggining of active plan'} hxg4 43. Kg3 Rff8 44. Kxg4 Bf7 45.
Kg5 {Psakhis: 'It is easy to see, that Shirov made big progress, but still
Black has chances for successful defence.'} Ke7 46. Bf3 Rfg8 47. Rfe2 Rh5+ {
'!' Psakhis.} 48. Kg4 ({The Rook is untouchable -} 48. Bxh5 $2 {Psakhis} gxh5+
49. Kh6 Kf6 50. Kh7 Rg7+ $11) 48... Kf6 49. Kg3 Rhh8 50. Bg4 Re8 51. h5 $1 {
a very nice breakthrough. White uses the greater activity of his pieces to the
maximum} gxh5 52. Bh3 h4+ 53. Kh2 Re7 (53... Rhg8 {Psakhis} 54. f5 exf5 55.
Rxf5+ Kg7 56. Rg2+ Kf8 57. Rgf2 Re7 58. Rf6 {[%cal Rh3e6,Rf6a6]}) 54. f5 Rhe8
55. Rg2 Bg8 (55... exf5 {Psakhis} 56. Rxf5+ Ke6 57. Rg7 $18) 56. Rg6+ Kf7 57.
Rgxe6 Kf8 58. Rxe7 Rxe7 59. Rxe7 Kxe7 60. f6+ 1-0

[Event "Czerniak Memorial 12th"]
[Site "Tel Aviv"]
[Date "1996.??.??"]
[Round "11"]
[White "Shmuter, Leonid"]
[Black "Zifroni, Dov"]
[Result "0-1"]
[WhiteElo "2490"]
[BlackElo "2455"]
[Annotator "Hansen,LB"]
[PlyCount "62"]
[EventDate "1996.04.??"]
[EventType "tourn"]
[EventRounds "11"]
[EventCountry "ISR"]
[EventCategory "9"]
[SourceTitle "CBM 053"]
[Source "ChessBase"]
[SourceDate "1996.08.01"]
[SourceVersion "1"]
[SourceVersionDate "1996.08.01"]
[SourceQuality "1"]

1. e4 e6 2. d4 d5 3. Nc3 Bb4 4. e5 Ne7 5. a3 Bxc3+ 6. bxc3 c5 7. Qg4 Kf8 $5 {
An interesting line introduced by Eingorn and often employed by Nikolic.} 8. a4
(8. h4 Qc7 9. Qd1 $5 cxd4 10. cxd4 Qc3+ 11. Bd2 Qxd4 12. Nf3 Qe4+ 13. Be2 b6 (
13... Nbc6 14. h5 Nxe5 15. h6 $44 {Kasparov,G-Nikolic,P/Paris PCA rapid/1995/})
14. O-O Ba6 15. c4 $5 Nbc6 16. Ng5 $5 Qxe5 17. Re1 $44 {Kasparov,G-Nikolic,P/
Horgen/1995/}) (8. Nf3 Qa5 9. Bd2 Qa4 10. Ra2 b6 11. Qf4 h6 12. h4 Nd7 13. h5
Ba6 14. Bxa6 Qxa6 15. Rh3 Qb5 16. Ra1 Qa4 17. Ra2 Qb5 18. Ra1 Qa4 19. Ra2 {
1/2-1/2/Sokolov,A-Eingorn,V/URS ch/1988/}) 8... b6 $1 9. h4 Ba6 10. Bxa6 (10.
Bd3 $5) 10... Nxa6 11. Ne2 Rc8 {Here we see Black s idea in this variation: He
wants to exploit White s weak queen side pawns.} 12. O-O h6 13. Ba3 Nf5 14. g3
Kg8 15. Nf4 cxd4 16. cxd4 Rxc2 $17 {White hopes to create counterplay down the
c-file, but it turns out to be nothing.} 17. Rfc1 Qc8 18. h5 Nb4 $1 19. Qd1 Qc4
20. Bxb4 Rxc1 21. Rxc1 Qxb4 22. Ng6 $2 fxg6 23. hxg6 Qf8 24. Qc2 Ne7 25. Qc7
Nxg6 $19 26. Qxa7 Kh7 27. Rc7 Rg8 28. Qxb6 Qf5 29. Qa7 h5 30. Kg2 Qg4 31. Rf7
Nh4+ {A very smooth win for Black in an underestimated variation. White has to
play very actively (like Kasparov!) to exploit the insecure position of the
Black king. If Black is given time to consolidate, he will have a clear
positional advantage due to White`s weak queenside pawns.} 0-1

[Event "WchT 3rd"]
[Site "Luzern"]
[Date "1993.??.??"]
[Round "6.3"]
[White "Stefansson, Hannes"]
[Black "Hug, Werner"]
[Result "1/2-1/2"]
[WhiteElo "2500"]
[BlackElo "2430"]
[Annotator "Hansen,LB"]
[PlyCount "32"]
[EventDate "1993.10.24"]
[EventType "team-tourn"]
[EventRounds "9"]
[EventCountry "SUI"]
[SourceTitle "CBM 038"]
[Source "ChessBase"]
[SourceDate "1994.02.01"]
[SourceVersion "1"]
[SourceVersionDate "1994.02.01"]
[SourceQuality "1"]
[WhiteTeam "Iceland"]
[BlackTeam "Switzerland"]
[WhiteTeamCountry "ISL"]
[BlackTeamCountry "SUI"]

1. e4 e6 2. d4 d5 3. Nc3 Bb4 4. e5 c5 5. a3 Ba5 $5 (5... Bxc3+) 6. Bd2 (6. b4
cxd4 7. Qg4 Ne7 8. Nb5 Bc7 9. Qxg7 Rg8 10. Qxh7 a6 11. Nxc7+ Qxc7 12. Ne2 Bd7
13. Bb2 a5 14. Nxd4 Qxe5+ 15. Be2 Nbc6 16. Rd1 $13 {Yermolinsky,A-Vaganian,R/
Tilburg/1993/}) 6... Nc6 $1 {A good move,which neutralizes 6Bd2.} 7. Nb5 Nxd4
$1 8. Nxd4 cxd4 9. Bb5+ (9. Nf3 Bb6 10. Bd3 Ne7 11. Ng5 h6 12. Qh5 g6 13. Qh3
Nc6 14. f4 Qe7 15. O-O Bd7 16. Nf3 O-O-O $13 {Richmond-Hug,W/Debrecen/1992/})
9... Bd7 10. Bxd7+ Kxd7 11. Nf3 Bb6 12. O-O Ne7 $10 13. a4 $5 a6 14. Ra3 $1 h6
15. Rb3 Nc6 16. a5 Bc7 1/2-1/2

[Event "Asia-ch"]
[Site "Kolkata"]
[Date "2001.08.12"]
[Round "4"]
[White "Wang, Zili"]
[Black "Hoang, Thanh Trang"]
[Result "1-0"]
[WhiteElo "2557"]
[BlackElo "2445"]
[Annotator "Hecht,H"]
[PlyCount "105"]
[EventDate "2001.08.09"]
[EventType "swiss"]
[EventRounds "11"]
[EventCountry "IND"]
[SourceTitle "CBM 085"]
[Source "ChessBase"]
[SourceDate "2001.11.13"]
[SourceVersion "1"]
[SourceVersionDate "2001.11.13"]
[SourceQuality "1"]

1. e4 e6 2. d4 d5 3. Nc3 Bb4 4. e5 c5 5. a3 Bxc3+ 6. bxc3 Ne7 7. h4 Nbc6 8. h5
Qa5 9. Bd2 Qa4 10. Nf3 h6 11. Rb1 Qxa3 12. Ra1 Qb2 13. Rb1 Qa3 14. Ra1 Qb2 15.
dxc5 a5 16. Rh4 a4 17. Rhxa4 Rxa4 18. Rxa4 O-O 19. Bd3 f6 20. exf6 Rxf6 21. Nd4
e5 22. Nb5 e4 23. Be2 Bd7 24. Qc1 Qxc1+ 25. Bxc1 Ne5 26. Ra7 Bc6 27. Nd4 Nf5
28. Ra8+ Kh7 29. Nxf5 Rxf5 30. Be3 Nd7 31. Rc8 Rf8 32. Rc7 Ra8 33. Bd4 Kg8 34.
c4 dxc4 35. Bxc4+ Kf8 36. Be6 Rd8 37. c4 Ke8 38. Bd5 Nf6 39. Bxf6 gxf6 40. Rh7
Bxd5 41. Rh8+ Bg8 42. Rxg8+ Ke7 43. Rxd8 Kxd8 {Tempofragen, Übergänge ins
Damenendspiel} 44. Kd2 Kd7 (44... Ke7 45. Ke3 f5 46. Kf4 Kf6 47. g3 $1 Ke6 48.
g4 {siehe Partie}) 45. Ke3 f5 46. Kf4 Ke6 47. g4 fxg4 48. Kxe4 (48. Kxg4 Ke5
49. Kg3 Kf5 50. f4 e3 51. Kf3 e2 52. Kxe2 Kxf4 53. Kd3 Kg4 54. c6 bxc6 55. Kd4
Kxh5 56. Kc5 Kg5 57. Kxc6 h5 58. c5 h4 59. Kb7 h3 60. c6 h2 61. c7 h1=Q+ 62.
Kb8 $11) 48... Kf6 49. Kd5 (49. Kf4 Ke6 50. Kxg4 Ke5 51. f3 Kd4 52. Kf5 Kxc5
53. Kg6 (53. f4 $142 $1 Kxc4 54. Ke5 b5 55. f5 b4 56. f6 b3 57. f7 b2 58. f8=Q
b1=Q 59. Qc8+ $18) 53... Kxc4 54. Kxh6 b5 55. Kg5 b4 56. h6 b3 57. h7 b2 58.
h8=Q b1=Q $18 {Tablebase}) 49... Kf5 50. c6 (50. Kd6 Ke4 51. Kc7 Kd4 $1 52.
Kxb7 Kxc5 53. Kc7 Kxc4 54. Kd6 Kd3 55. Ke5 Ke2 56. Kf4 Kxf2 57. Kxg4 Ke3 58.
Kf5 Kd4 59. Kg6 Ke5 60. Kxh6 Kf6 $11) 50... bxc6+ 51. Kxc6 Ke4 52. c5 Kf3 53.
Kd5 (53. Kd5 Kxf2 54. c6 g3 55. c7 g2 56. c8=Q g1=Q 57. Qc5+ Kf1 58. Qxg1+ Kxg1
59. Ke4 Kf2 60. Kf5 Ke3 61. Kg6 Kf4 62. Kxh6 Kf5 63. Kg7 $18) 1-0

[Event "POL-ch 53rd"]
[Site "Brzeg Dolny"]
[Date "1996.??.??"]
[Round "6"]
[White "Pedzich, Dominik"]
[Black "Matlak, Marek"]
[Result "1/2-1/2"]
[WhiteElo "2425"]
[BlackElo "2450"]
[Annotator "Hecht,H"]
[PlyCount "121"]
[EventDate "1996.03.09"]
[EventType "tourn"]
[EventRounds "15"]
[EventCountry "POL"]
[EventCategory "9"]
[SourceTitle "CBM 053"]
[Source "ChessBase"]
[SourceDate "1996.08.01"]
[SourceVersion "1"]
[SourceVersionDate "1996.08.01"]
[SourceQuality "1"]

1. e4 e6 2. d4 d5 3. Nc3 Bb4 4. e5 c5 5. a3 Bxc3+ 6. bxc3 Qc7 7. Qg4 f5 8. Qh5+
g6 9. Qd1 Bd7 10. Nf3 Ba4 11. Rb1 c4 12. g4 fxg4 13. Ng5 Qc6 14. h3 g3 15. fxg3
h6 16. Nf3 Na6 17. Bg2 O-O-O 18. O-O Rf8 19. Ng5 Rxf1+ 20. Qxf1 hxg5 21. Qf8+
Qe8 22. Qg7 Ne7 23. Bxg5 Bxc2 24. Rb2 Bb3 25. Bxe7 Rg8 26. Qf6 Nc7 27. Rf2 Kd7
28. Bb4 b6 29. h4 g5 30. hxg5 Rg6 31. Qf7+ Qxf7 32. Rxf7+ Kc6 33. Be7 Nb5 34.
Rf6 Bc2 35. Bh3 Kd7 36. Bb4 Rxf6 37. gxf6 {[#] Je zwei Freibauern auf den
Flügeln bei blockierter Stellung, Taktik, Tempofrage} Bg6 38. Bg4 a5 39. Bf8
Nxc3 40. Kf2 b5 41. Ke3 Na2 42. Kf4 b4 43. axb4 axb4 44. Kg5 Bf7 45. Kh6 b3 46.
Ba3 Ke8 47. Kg7 Nc3 (47... c3 48. Be2 b2 49. Bb5+ Kd8 50. Bd3 Ke8 51. Be7 Kd7
52. Kxf7 Nc1 53. Bc2 $18) 48. Bh5 Bxh5 49. g4 Bf7 50. g5 Nb5 51. g6 Bxg6 52.
Kxg6 Nxa3 53. Kg7 b2 54. f7+ Kd7 55. f8=Q b1=Q 56. Qd6+ Kc8 57. Qc6+ Kb8 58.
Qd6+ Kc8 59. Qc6+ Kb8 60. Qd6+ Kc8 61. Qc6+ 1/2-1/2